[Event "Oberliga Ost-B 0809"]
[Site "Germany"]
[Date "2009.01.18"]
[Round "5.1"]
[White "Geske, Julian"]
[Black "Brueggemann, Joachim"]
[Result "1/2-1/2"]
[WhiteElo "2229"]
[BlackElo "2362"]
[PlyCount "94"]
[EventDate "2008.10.26"]
[EventType "team-tourn"]
[EventRounds "11"]
[EventCountry "GER"]
[SourceTitle "EXT 2010"]
[Source "ChessBase"]
[SourceDate "2010.11.25"]
[SourceVersion "1"]
[SourceVersionDate "2010.11.25"]
[SourceQuality "1"]
[WhiteTeam "Hofheim II"]
[BlackTeam "Erfurt SK II"]
[WhiteTeamCountry "GER"]
[BlackTeamCountry "GER"]

1. e4 c5 2. Nf3 Nc6 3. d4 cxd4 4. Nxd4 Nf6 5. Nc3 d6 6. Bc4 e6 7. Bb3 a6 8. 0-0 Be7 9. Be3 Qc7 10. f4 0-0 11. f5 Nxd4 12. Bxd4 b5 13. fxe6 fxe6 14. a3 Rb8 15. Qe2 b4 16. axb4 Rxb4 17. Rad1 Kh8 18. e5 Rxd4 19. Rxd4 Qc5 20. Qf2 dxe5 21. Rc4 Qd6 22. Qf3 Bd7 23. h3 h6 24. Qb7 Bd8 25. Rd1 Nd5 26. Nxd5 exd5 27. Rc3 d4 28. Rf3 Bf6 29. Qd5 Qxd5 30. Bxd5 Rb8 31. b3 Bb5 32. Kf2 Rc8 33. Be4 Kg8 34. Ra1 Kf7 35. g3 Ke7 36. Kg2 Rc7 37. Rc1 Bg5 38. Re1 Bd2 39. Rb1 Bg5 40. h4 Bf6 41. c3 dxc3 42. Rc1 Rd7 43. Rcxc3 Rd4 44. Rfe3 Kd6 45. Kf3 Bd8 46. Bd3 Ba5 47. Bxb5 Bxc3 1/2-1/2

[Event "Oberliga Ost-B 0809"]
[Site "Germany"]
[Date "2008.11.29"]
[Round "2.2"]
[White "Wehner, Janis"]
[Black "Brueggemann, Joachim"]
[Result "0-1"]
[WhiteElo "2204"]
[BlackElo "2362"]
[PlyCount "108"]
[EventDate "2008.10.26"]
[EventType "team-tourn"]
[EventRounds "11"]
[EventCountry "GER"]
[SourceTitle "EXT 2010"]
[Source "ChessBase"]
[SourceDate "2010.11.25"]
[SourceVersion "1"]
[SourceVersionDate "2010.11.25"]
[SourceQuality "1"]
[WhiteTeam "Erfurt Medizin"]
[BlackTeam "Erfurt SK II"]
[WhiteTeamCountry "GER"]
[BlackTeamCountry "GER"]

1. e4 c5 2. Nc3 Nc6 3. Bb5 e6 4. Bxc6 bxc6 5. Nge2 Qc7 6. 0-0 Nf6 7. d3 Be7 8. Bf4 e5 9. Bg5 d6 10. Ng3 g6 11. f4 Ng4 12. Bxe7 Qxe7 13. Qf3 exf4 14. Qxf4 h6 15. a3 a5 16. Rad1 Ne5 17. d4 cxd4 18. Rxd4 Be6 19. Rfd1 Bg4 20. R1d2 Rd8 21. b4 axb4 22. axb4 h5 23. h3 Be6 24. b5 h4 25. Nf1 g5 26. Qh2 Nc4 27. Rd1 c5 28. Rxc4 Bxc4 29. Ne3 Be6 30. Ncd5 Bxd5 31. Nxd5 Qe5 32. Qxe5+ dxe5 33. Ra1 f5 34. c4 fxe4 35. Kf2 0-0+ 36. Ke3 Kg7 37. Ra7+ Rf7 38. Ra6 Rdf8 39. Kxe4 Rf2 40. Kxe5 Rxg2 41. Nc7 Re2+ 42. Kd6 Rf6+ 43. Kxc5 Rxa6 44. bxa6 g4 45. hxg4 h3 46. a7 Ra2 47. Kb6 Rxa7 48. Kxa7 h2 49. c5 h1Q 50. Kb6 Kf7 51. Nb5 Qg1 52. Nd6+ Ke6 53. Nb7 Kd7 54. g5 Qb1+ 0-1

[Event "Apolda op 16th"]
[Site "Apolda"]
[Date "2007.08.26"]
[Round "7"]
[White "Heinemann, Ernst"]
[Black "Brueggemann, Joachim"]
[Result "0-1"]
[WhiteElo "2211"]
[BlackElo "2335"]
[PlyCount "177"]
[EventDate "2007.08.23"]
[EventType "swiss"]
[EventRounds "7"]
[EventCountry "GER"]
[SourceTitle "CBM 120 Extra"]
[Source "ChessBase"]
[SourceDate "2007.11.01"]
[SourceVersion "1"]
[SourceVersionDate "2007.11.01"]
[SourceQuality "1"]

1. e4 c5 2. Nf3 Nc6 3. Bb5 e6 4. Bxc6 bxc6 5. Qe2 Qc7 6. b3 e5 7. d3 d6 8. h3 Be7 9. 0-0 f5 10. exf5 Bxf5 11. Bb2 Nh6 12. Nbd2 0-0 13. Rae1 Rae8 14. Ne4 Nf7 15. Ng3 Bg6 16. Qd2 Nd8 17. Nh2 Ne6 18. Ne2 Bg5 19. Qc3 Nd4 20. Nxd4 cxd4 21. Qc4+ Bf7 22. Qa4 Re6 23. Bc1 Bxc1 24. Rxc1 Rg6 25. f3 Be6 26. Kh1 Rf4 27. Rce1 Bd5 28. Qb4 h5 29. Qd2 Qd8 30. Rf2 Qh4 31. Ref1 Rf7 32. Qe2 Rgf6 33. Kg1 g6 34. Qd2 Kg7 35. Qe1 c5 36. Re2 Qg5 37. Ref2 Rf4 38. Qe2 Bb7 39. Qe1 Qd8 40. Qd2 Qb6 41. a4 Qd8 42. Qe1 Qf6 43. Qe2 Kf8 44. Qd2 Bc8 45. Qe1 Qg5 46. Kh1 Ke8 47. Re2 Kd7 48. Qa5 Qd8 49. Qxd8+ Kxd8 50. Rfe1 Kc7 51. Nf1 Kb6 52. Nd2 Bb7 53. Kg1 Bd5 54. Ne4 Bxe4 55. Rxe4 Ka5 56. Rxf4 Rxf4 57. Kf2 Kb4 58. Ke2 Kc3 59. Kd1 Rf5 60. Re4 d5 61. Re2 g5 62. Re1 g4 63. hxg4 hxg4 64. fxg4 Rg5 65. Re2 Rxg4 66. Rxe5 Rxg2 67. Rxd5 Rd2+ 68. Ke1 Rxc2 69. Rxc5+ Kxd3 70. b4 Re2+ 71. Kf1 Re7 72. b5 Kd2 73. a5 Rf7+ 74. Kg2 d3 75. b6 axb6 76. axb6 Ke3 77. Rd5 d2 78. Rd6 Rg7+ 79. Kh3 Rg6 80. Rxg6 d1Q 81. Kh4 Kf4 82. Rf6+ Ke5 83. b7 Qh1+ 84. Kg3 Qxb7 85. Rf3 Ke4 86. Kg2 Qg7+ 87. Rg3 Qb2+ 88. Kh1 Kf4 89. Rg2 0-1